| 000 | 01127nam a2200313 a 4500 | ||
|---|---|---|---|
| 001 | |||
| 003 | DO-SdBPM | ||
| 005 | 20260511100031.0 | ||
| 007 | ta | ||
| 008 | 150324s2005 ve a 000 0 spa d | ||
| 020 | _a9801108681 | ||
| 040 |
_aDO-SdBPM _bspa _cBPMSU _erda |
||
| 082 | 0 | 4 |
_a320.987 _bM539v 2005 _222 |
| 100 | 1 |
_aMendoza Angulo, José. _eautor _4aut. |
|
| 245 |
_aVenezuela destino incierto : _bpara comprender lo que pasa hoy en el país / _cJosé Mendoza Angulo. |
||
| 264 |
_aMérida, Venezuela : _bUniversidad de Los Andes, _c2005 |
||
| 300 |
_a166 páginas ; _c22 cm. _b |
||
| 336 |
_atexto _btxt _2rdacontent |
||
| 337 |
_asin mediación _bn _2rdamedia |
||
| 338 |
_avolumen _bnc _2rdacarrier |
||
| 500 |
_3 Incluye datos biográficos del autor en la solapa de la cubierta _5 |
||
| 504 | _aIncluye bibliografías. | ||
| 590 | _aInventariado, 2026/VM | ||
| 600 | 1 | 7 |
_aChávez, Hugo, _d1954-2013 _xPensamiento político _v |
| 650 | 4 |
_aDemocracia _y1999 _zVenezuela |
|
| 651 | 7 |
_aVenezuela _xPolítica y gobierno. _y1999 _2 |
|
| 910 | _aVMateo V. Control de calidad. BPMSU | ||
| 942 |
_2ddc _cBK |
||
| 999 |
_c15836 _d15836 |
||